Diary of the American War : (Record no. 587841)

000 -LEADER
fixed length control field 01100cam a2200313 i 4500
001 - CONTROL NUMBER
control field 4170841
003 - CONTROL NUMBER IDENTIFIER
control field NUST
005 - DATE AND TIME OF LATEST TRANSACTION
control field 20220214152601.0
008 - FIXED-LENGTH DATA ELEMENTS--GENERAL INFORMATION
fixed length control field 790123s1979 ctua b 001 0aeng
010 ## - LIBRARY OF CONGRESS CONTROL NUMBER
LC control number 79000623
020 ## - INTERNATIONAL STANDARD BOOK NUMBER
International Standard Book Number 0300021534
038 ## - RECORD CONTENT LICENSOR
Staff Name waseem
040 ## - CATALOGING SOURCE
Original cataloging agency DLC
Transcribing agency DLC
Modifying agency DLC
043 ## - GEOGRAPHIC AREA CODE
Geographic area code n-us---
-- e-uk---
-- e-gw---
050 00 - LIBRARY OF CONGRESS CALL NUMBER
Classification number E268
Item number .E9213
082 00 - DEWEY DECIMAL CLASSIFICATION NUMBER
Classification number 973.342
Author Mark EWA
100 1# - MAIN ENTRY--PERSONAL NAME
Personal name Ewald, Johann von,
Dates associated with a name 1744-1813.
9 (RLIN) 89019
245 10 - TITLE STATEMENT
Title Diary of the American War :
Remainder of title a Hessian journal /
Statement of responsibility, etc. Johann Ewald ; translated and edited by Joseph P. Tustin.
260 ## - PUBLICATION, DISTRIBUTION, ETC.
Place of publication, distribution, etc. New Haven :
Name of publisher, distributor, etc. Yale University Press,
Date of publication, distribution, etc. 1979.
300 ## - PHYSICAL DESCRIPTION
Extent xxxi, 467 :
Other physical details ill. ;
Dimensions 26 cm.
500 ## - GENERAL NOTE
General note Includes index.
504 ## - BIBLIOGRAPHY, ETC. NOTE
Bibliography, etc. note Bibliography: p. 439-449.
563 ## - BINDING INFORMATION
Binding note HBK.
600 10 - SUBJECT ADDED ENTRY--PERSONAL NAME
Personal name Ewald, Johann von,
Dates associated with a name 1744-1813
General subdivision Diaries.
9 (RLIN) 89020
651 #0 - SUBJECT ADDED ENTRY--GEOGRAPHIC NAME
Geographic name United States
General subdivision History
Chronological subdivision Revolution, 1775-1783
General subdivision Participation, German
-- Biography.
9 (RLIN) 89021
651 #0 - SUBJECT ADDED ENTRY--GEOGRAPHIC NAME
Geographic name United States
General subdivision History
Chronological subdivision Revolution, 1775-1783
General subdivision Personal narratives.
9 (RLIN) 89022
906 ## - LOCAL DATA ELEMENT F, LDF (RLIN)
a 7
b cbc
c orignew
d 1
e ocip
f 19
g y-gencatlg
942 ## - ADDED ENTRY ELEMENTS (KOHA)
Source of classification or shelving scheme
Koha item type Book
Holdings
Withdrawn status Lost status Source of classification or shelving scheme Damaged status Not for loan Permanent Location Current Location Date acquired Source of acquisition Total Checkouts Full call number Barcode Date last seen Price effective from Koha item type
          Central Library (CL) Central Library (CL) 02/14/2022 Donation   973.342 EWA CL-D-1460 02/14/2022 02/14/2022 Book
© 2023 Central Library, National University of Sciences and Technology. All Rights Reserved.